Statistiques concernant Bleach - Openings

Cliquez ici pour prendre le quiz!

Statistiques générales

  • Ce quiz a été pris 45 fois
  • Le résultat moyen est 5 sur 17

Statistiques - réponses

ArtisteOpening% Correct
miwachAngE
69%
SIDRanbu no Melody
66%
Aqua TimezAlones
47%
Aqua TimezVelonica
47%
Orange Range*~Asterisk~
34%
UVERworldD-tecnolife
34%
ScandalHarukaze
25%
HIGH and MIGHTY COLORIchirin no Hana
25%
YUIRolling Star
25%
BEAT CRUSADERSTonight, Tonight, Tonight
25%
Asian Kung-fu GenerationAfter Dark
22%
Tatsuya KitaniScar
22%
w.o.d.STARS
19%
ViViDBlue
16%
Porno GraffittiAnima Rossa
13%
ScandalShōjo S
13%
KelunChu-Bura
9%

Distribution des résultats

Percentile par nombre de réponses

% des personnes avec chaque résultat

Votre développement - résultats

Vous n’avez pas pris ce quiz